[Event "FIN-ch"]
[Site "Helsinki"]
[Date "1996.??.??"]
[Round "8"]
[White "Pyhala, Antti"]
[Black "Pulkkinen, Kari"]
[Result "1/2-1/2"]
[WhiteElo "2330"]
[BlackElo "2345"]
[PlyCount "85"]
[EventDate "1996.??.??"]
[EventType "swiss"]
[EventRounds "9"]
[EventCountry "FIN"]
[SourceTitle "EXT 1998"]
[Source "ChessBase"]
[SourceDate "1997.11.17"]
[SourceVersion "1"]
[SourceVersionDate "1997.11.17"]
[SourceQuality "1"]

1. e4 c5 2. Nf3 d6 3. d4 cxd4 4. Nxd4 Nf6 5. Nc3 Nc6 6. Bc4 Qb6 7. Nde2 e6 8. 0-0 a6 9. Bb3 Be7 10. Be3 Qc7 11. Ng3 0-0 12. f4 Kh8 13. Nh5 b5 14. a3 Bb7 15. f5 Na5 16. Rf4 exf5 17. Bd4 Nc4 18. Bxc4 Nxh5 19. Qxh5 Qxc4 20. Rd1 fxe4 21. Qg4 Rg8 22. Qd7 Bg5 23. Rxf7 Bc6 24. Qf5 Qxd4+ 25. Rxd4 Be3+ 26. Kf1 Bxd4 27. Ke2 Rae8 28. h4 e3 29. h5 h6 30. g4 Re5 31. Qf4 Bxc3 32. bxc3 Bd5 33. Rf6 Bc4+ 34. Ke1 Rge8 35. Rf8+ Rxf8 36. Qxf8+ Kh7 37. Qxd6 Re6 38. Qf4 e2 39. Qd4 Rf6 40. Kd2 Re6 41. Ke1 Rf6 42. Kd2 Re6 43. Ke1 1/2-1/2

[Event "Heart of Finland op 06th"]
[Site "Jyvaskyla"]
[Date "1996.??.??"]
[Round "3"]
[White "Pyhala, Antti"]
[Black "Rausis, Igors"]
[Result "0-1"]
[WhiteElo "2330"]
[BlackElo "2490"]
[PlyCount "80"]
[EventDate "1996.07.??"]
[EventType "swiss"]
[EventRounds "9"]
[EventCountry "FIN"]
[SourceTitle "EXT 1998"]
[Source "ChessBase"]
[SourceDate "1997.11.17"]
[SourceVersion "1"]
[SourceVersionDate "1997.11.17"]
[SourceQuality "1"]

1. d4 d5 2. c4 Bf5 3. Nc3 e6 4. Bf4 c6 5. Qb3 Qb6 6. c5 Qxb3 7. axb3 Nd7 8. Nf3 a6 9. b4 Rc8 10. Nh4 Bg4 11. h3 Bh5 12. g4 Be7 13. Bg3 Bg6 14. Nxg6 hxg6 15. Bg2 Bh4 16. e4 Ngf6 17. Bxh4 Rxh4 18. e5 Nh7 19. f4 g5 20. 0-0 gxf4 21. Rxf4 Ng5 22. Kh2 Ke7 23. Kg3 Rch8 24. Rff1 f6 25. exf6+ gxf6 26. Rh1 f5 27. Rae1 Nf6 28. gxf5 Rxd4 29. h4 Rg4+ 30. Kf2 Rhxh4 31. fxe6 Rxh1 32. Bxh1 Nh3+ 33. Kf3 Rxb4 34. Nd1 Ng5+ 35. Kg3 Nge4+ 36. Kf4 Nxc5+ 37. Kf5 Ne8 38. Ne3 Nd6+ 39. Kg6 Rxb2 40. Bxd5 Nd3 0-1